000 01201cam a22003374a 4500
001 12518985
003 PILC
005 20150112093435.0
008 010829s2001 mau 001 0 eng
010 _a 2001039852
020 _a1578517001 (alk. paper)
040 _aDLC
_cDLC
_dDLC
042 _apcc
050 0 0 _aHF 5549.5.M5
_b.H369 2001
082 0 0 _aMHSF 658.3008
_bH26 2001
100 _aHarvard Business School Press
_915191
245 0 0 _aHarvard business review on managing diversity /
246 3 0 _aManaging diversity
260 _aBoston :
_bHarvard Business School Press,
_c2001.
300 _a222 pages :
_c21 cm.
490 1 _aA Harvard business review paperback
504 _aIncludes index.
650 0 _aDiversity in the workplace.
_915723
650 0 _aPersonnel management.
_9685
710 2 _aHarvard Business School.
_bPress.
_915732
730 0 _aHarvard business review.
_915730
830 0 _aHarvard business review paperback series.
_915731
906 _a7
_bcbc
_corignew
_d1
_eocip
_f20
_gy-gencatlg
942 _2lcc
_cBK
999 _c14534
_d14534